<?xml version="1.0" encoding="UTF-8"?>
<record
    xmlns:xsi="http://www.w3.org/2001/XMLSchema-instance"
    xsi:schemaLocation="http://www.loc.gov/MARC21/slim http://www.loc.gov/standards/marcxml/schema/MARC21slim.xsd"
    xmlns="http://www.loc.gov/MARC21/slim">

  <leader>01350nam0a2200313   4500</leader>
  <controlfield tag="001">RU\NLR\ONL2\7192</controlfield>
  <controlfield tag="005">20250613130254.0</controlfield>
  <datafield tag="010" ind1=" " ind2=" ">
    <subfield code="a">5-7761-0521-8</subfield>
    <subfield code="9">2000</subfield>
  </datafield>
  <datafield tag="035" ind1=" " ind2=" ">
    <subfield code="a">(NLR Aleph) 009654784</subfield>
  </datafield>
  <datafield tag="090" ind1=" " ind2=" ">
    <subfield code="a">9585438</subfield>
    <subfield code="c">9585438</subfield>
  </datafield>
  <datafield tag="100" ind1=" " ind2=" ">
    <subfield code="a">20070703d2006    |||y0rusy50      ca</subfield>
  </datafield>
  <datafield tag="101" ind1="0" ind2=" ">
    <subfield code="a">tat</subfield>
  </datafield>
  <datafield tag="102" ind1=" " ind2=" ">
    <subfield code="a">RU</subfield>
  </datafield>
  <datafield tag="105" ind1=" " ind2=" ">
    <subfield code="a">c |||||||||</subfield>
  </datafield>
  <datafield tag="200" ind1="1" ind2=" ">
    <subfield code="a">&#x41A;&#x443;&#x43D;&#x435;&#x43B;&#x434;&#x44D; &#x444;&#x438;&#x434;&#x430;&#x438; &#x44F;&#x448;&#x44D;&#x441;&#x44D;</subfield>
    <subfield code="e">&#x44D;&#x434;&#x44D;&#x431;&#x438;&#x44F;&#x442;, &#x441;&#x44D;&#x43D;&#x433;&#x430;&#x442;&#x44C; h&#x44D;&#x43C; &#x44F;&#x448;&#x44D;&#x435;&#x448; &#x442;&#x443;&#x440;&#x44B;&#x43D;&#x434;&#x430; &#x443;&#x439;&#x43B;&#x430;&#x43D;&#x443;&#x43B;&#x430;&#x440;</subfield>
    <subfield code="f">&#x417;&#x438;&#x43D;&#x43D;&#x443;&#x440; &#x41C;&#x430;&#x43D;&#x441;&#x443;&#x440;&#x43E;&#x432;</subfield>
  </datafield>
  <datafield tag="210" ind1=" " ind2=" ">
    <subfield code="a">&#x41A;&#x430;&#x437;&#x430;&#x43D;</subfield>
    <subfield code="c">&#x41C;&#x44D;&#x433;&#x430;&#x440;&#x438;&#x444;</subfield>
    <subfield code="d">2006</subfield>
  </datafield>
  <datafield tag="215" ind1=" " ind2=" ">
    <subfield code="a">493,[2] &#x431;.</subfield>
    <subfield code="c">&#x43F;&#x43E;&#x440;&#x442;&#x440;., &#x444;&#x43E;&#x442;.</subfield>
    <subfield code="d">17</subfield>
  </datafield>
  <datafield tag="541" ind1="1" ind2=" ">
    <subfield code="6">z01790</subfield>
    <subfield code="a">&#x414;&#x443;&#x448;&#x430; &#x431;&#x435;&#x437;&#x437;&#x430;&#x432;&#x435;&#x442;&#x43D;&#x43E;&#x441;&#x442;&#x438; &#x43F;&#x43E;&#x43B;&#x43D;&#x430;</subfield>
    <subfield code="e">&#x440;&#x430;&#x437;&#x43C;&#x44B;&#x448;&#x43B;&#x435;&#x43D;&#x438;&#x44F; &#x43E; &#x43B;&#x438;&#x442;&#x435;&#x440;&#x430;&#x442;&#x443;&#x440;&#x435;, &#x438;&#x441;&#x43A;&#x443;&#x441;&#x441;&#x442;&#x432;&#x435; &#x438; &#x436;&#x438;&#x437;&#x43D;&#x438;.</subfield>
    <subfield code="z">rus</subfield>
  </datafield>
  <datafield tag="606" ind1="0" ind2=" ">
    <subfield code="a">&#x422;&#x430;&#x442;&#x430;&#x440;&#x441;&#x43A;&#x430;&#x44F; &#x43B;&#x438;&#x442;&#x435;&#x440;&#x430;&#x442;&#x443;&#x440;&#x430;</subfield>
    <subfield code="x">&#x418;&#x441;&#x442;&#x43E;&#x440;&#x438;&#x44F;</subfield>
    <subfield code="9">2175405</subfield>
    <subfield code="3">RU\NLR\auth-onl\6689</subfield>
  </datafield>
  <datafield tag="686" ind1="1" ind2=" ">
    <subfield code="a">&#x428;5(2=&#x422;&#x430;&#x442;)7-3</subfield>
  </datafield>
  <datafield tag="700" ind1=" " ind2="1">
    <subfield code="4">070</subfield>
    <subfield code="7">ca</subfield>
    <subfield code="8">tat</subfield>
    <subfield code="a">&#x41C;&#x430;&#x43D;&#x441;&#x443;&#x440;&#x43E;&#x432;</subfield>
    <subfield code="b">&#x417;. &#x41C;.</subfield>
    <subfield code="f">1949-</subfield>
    <subfield code="g">&#x417;&#x438;&#x43D;&#x43D;&#x443;&#x440; &#x41C;&#x4E9;&#x497;&#x438;&#x43F; &#x443;&#x43B;&#x44B;</subfield>
    <subfield code="9">236762</subfield>
    <subfield code="3">RU\NLR\AUTH\770236818</subfield>
  </datafield>
  <datafield tag="790" ind1=" " ind2="1">
    <subfield code="4">070</subfield>
    <subfield code="7">ca</subfield>
    <subfield code="8">rus</subfield>
    <subfield code="a">&#x41C;&#x430;&#x43D;&#x441;&#x443;&#x440;&#x43E;&#x432;</subfield>
    <subfield code="b">&#x417;. &#x41C;.</subfield>
    <subfield code="f">1949-</subfield>
    <subfield code="g">&#x417;&#x438;&#x43D;&#x43D;&#x443;&#x440; &#x41C;&#x443;&#x437;&#x438;&#x43F;&#x43E;&#x432;&#x438;&#x447;</subfield>
    <subfield code="9">236761</subfield>
    <subfield code="3">RU\NLR\AUTH\770236817</subfield>
  </datafield>
  <datafield tag="801" ind1=" " ind2="0">
    <subfield code="a">RU</subfield>
    <subfield code="b">NLR</subfield>
    <subfield code="c">20070703</subfield>
    <subfield code="g">PSBO</subfield>
  </datafield>
  <datafield tag="852" ind1=" " ind2=" ">
    <subfield code="a">NLR</subfield>
    <subfield code="b">&#x41E;&#x41D;&#x41B;</subfield>
    <subfield code="j">&#x422;&#x430;&#x442;&#x430;&#x440;./2-12102</subfield>
  </datafield>
  <datafield tag="942" ind1=" " ind2=" ">
    <subfield code="c">BOOK</subfield>
  </datafield>
  <datafield tag="980" ind1=" " ind2=" ">
    <subfield code="a">NB</subfield>
  </datafield>
  <datafield tag="980" ind1=" " ind2=" ">
    <subfield code="a">ONL_RF</subfield>
  </datafield>
  <datafield tag="995" ind1=" " ind2=" ">
    <subfield code="5">2013-10-26</subfield>
    <subfield code="b">NLR01</subfield>
    <subfield code="c">NLR01</subfield>
    <subfield code="e">ONL</subfield>
    <subfield code="f">9654784-10</subfield>
    <subfield code="k">&#x422;&#x430;&#x442;&#x430;&#x440;./2-12102</subfield>
    <subfield code="o">0</subfield>
    <subfield code="r">BOOK</subfield>
    <subfield code="s">212102_</subfield>
  </datafield>
</record>
